Patrologia orientalis. (Record no. 183981)

MARC details
000 -LEADER
campo de control de longitud fija 01404nam a2200301 i 4500
001 - NÚMERO DE CONTROL
campo de control 183981
003 - IDENTIFICADOR DE NÚMERO DE CONTROL
campo de control ES-MaACL
005 - FECHA Y HORA DE LA ÚLTIMA TRANSACCIÓN
campo de control 20250807123337.0
008 - DATOS DE LONGITUD FIJA--INFORMACIÓN GENERAL
campo de control de longitud fija 150122m19141915fr |||| | fre d
080 ## - NÚMERO DE LA CLASIFICACIÓN DECIMAL UNIVERSAL
Número de la Clasificación Decimal Universal 281.83
080 ## - NÚMERO DE LA CLASIFICACIÓN DECIMAL UNIVERSAL
Número de la Clasificación Decimal Universal 276 (Ammonas)
245 00 - MENCIÓN DEL TÍTULO
Título Patrologia orientalis.
Número de parte o sección de la obra Tomus undecimus /
Mención de responsabilidad, etc. [réd. par] R. Graffin, F. Nau.
260 ## - PUBLICACIÓN, DISTRIBUCIÓN, ETC.
Lugar de publicación, distribución, etc. Paris :
Nombre del editor, distribuidor, etc. Firmin-Didot et Cie ;
Lugar de publicación, distribución, etc. : Fribourg-en-Brisgau :
Nombre del editor, distribuidor, etc. Herder,
Fecha de publicación, distribución, etc. 1914-1915.
300 ## - DESCRIPCIÓN FÍSICA
Extensión 859 p. ;
Dimensiones 29 cm.
505 8# - NOTA DE CONTENIDO CON FORMATO
Nota de contenido con formato Contiene: Kitab al-'Unvan, Histoire Universelle écrite par Agapius (Mahboub) de Menbidj (I,2) / Al. Vasiliev. - La vie de Saint Luc le Stylite / Fr. Vanderstuyf. - Histoire d'Isaac, patriarche jacobite d'Alesandrie / E. Porcher. - Ammonas, successeur de Saint Antoine, textes grecs et syriaques / Fr. Nau. - Le syntaxaire arabe jacobite (Mois de Toubeh et d'Amchir) / René Basset
650 ## - PUNTO DE ACCESO ADICIONAL DE MATERIA--TÉRMINO DE MATERIA
Término de materia o nombre geográfico como elemento de entrada Patrística.
9 (RLIN) 15895
650 07 - PUNTO DE ACCESO ADICIONAL DE MATERIA--TÉRMINO DE MATERIA
Término de materia o nombre geográfico como elemento de entrada Literatura cristiana primitiva
Fuente del encabezamiento o término embne
9 (RLIN) 14529
700 1# - ENTRADA AGREGADA--NOMBRE PERSONAL
Nombre de persona Mahbub ibn Qustantin.
9 (RLIN) 156180
700 1# - ENTRADA AGREGADA--NOMBRE PERSONAL
Nombre de persona Graffin, René,
Fechas asociadas al nombre 1858-1941
9 (RLIN) 156163
700 1# - ENTRADA AGREGADA--NOMBRE PERSONAL
Nombre de persona Nau, François.
9 (RLIN) 85006
700 1# - ENTRADA AGREGADA--NOMBRE PERSONAL
Nombre de persona Vasiliev, Aleksandr Aleksandrovitch (
Fechas asociadas al nombre 1867-1953)
9 (RLIN) 156181
700 1# - ENTRADA AGREGADA--NOMBRE PERSONAL
Nombre de persona Vanderstuyf, François.
9 (RLIN) 156201
700 1# - ENTRADA AGREGADA--NOMBRE PERSONAL
Nombre de persona Mina (biskop af Pchati)
9 (RLIN) 156202
700 1# - ENTRADA AGREGADA--NOMBRE PERSONAL
Nombre de persona Porcher, E.
9 (RLIN) 156203
700 0# - ENTRADA AGREGADA--NOMBRE PERSONAL
Nombre de persona Basset, René.
9 (RLIN) 26315
852 ## - LOCALIZACIÓN
Ubicación ES-MaACL
Número de control de estantería G-700
Holdings
Estatus retirado Estado de pérdida Estado de daño No para préstamo Biblioteca de origen Biblioteca actual Ubicación en estantería Fecha de adquisición Fuente de adquisición Total de préstamos Signatura topográfica completa Código de barras Visto por última vez Precio de reemplazo Tipo de ítem Koha
        Biblioteca del Ateneo de Madrid Biblioteca del Ateneo de Madrid Depósito 2 22/01/2015     G-700 1193467 23/02/2023 23/02/2023 Libro impreso